Conflict between wildlife and local people living adjacent to protected areas in Tanzania: human density as a predictor (Registro nro. 11908)

Detalles MARC
000 -CABECERA
Campo de control 006520000a22001930004500
090 ## - CLASIFICACIÓN LOCAL
Colección AR
Consecutivo 02848
041 0# - IDIOMA
Código de idioma para texto/pista de sonido o título separado
100 1# - ASIENTO PRINCIPAL--NOMBRE PERSONAL
Nombre personal Newmark, William D.
245 10 - MENCION DE TITULO
Título Conflict between wildlife and local people living adjacent to protected areas in Tanzania: human density as a predictor
650 14 - ASIENTO SECUNDARIO DE MATERIA - TERMINO TEMATICO
Término temático o nombre geográfico como elemento de entrada Areas protegidas
650 14 - ASIENTO SECUNDARIO DE MATERIA - TERMINO TEMATICO
Término temático o nombre geográfico como elemento de entrada Fauna silvestre
650 14 - ASIENTO SECUNDARIO DE MATERIA - TERMINO TEMATICO
Término temático o nombre geográfico como elemento de entrada Densidad poblacional
651 #4 - ASIENTO SECUNDARIO DE MATERIA - NOMBRE GEOGRAFICO
-- Tanzania
700 1# - ASIENTO SECUNDARIO - NOMBRE PERSONAL
Nombre personal Manyanza, David N.
700 1# - ASIENTO SECUNDARIO - NOMBRE PERSONAL
Nombre personal Gamassa, Deo-Gratias M.
700 1# - ASIENTO SECUNDARIO - NOMBRE PERSONAL
Nombre personal Sakiro, Hashan I.
773 1# - Item fuente:
Título Conservation Biology
Especificación de materiales 24
Descripción física 1
Paginas del Articulo 249-255
Lugar, editorial y fecha de publicación 1994
Información sobre la relación 8
942 ## - ELEMENTOS ADICIONALES (KOHA)
Tipo de ítem Artículo
Existencias
Withdrawn status Lost status Damaged status No para préstamo Colección Ubicación Permanente Ubicación actual Fecha de adquisición Datos de publicación Seriada Total Checkouts Número topográfico Inventario / Código de Barras Date last seen Ejemplar Price effective from Forma de adquisición Tipo de material
      No para Préstamo Hemeroteca Bogotá Bogotá 27/02/2015 Fuera de circulación   AR 02848 013257 25/03/2015 1 25/03/2015   Artículo